[Event "DEM U12 2023"]
[Site "Willingen GER"]
[Date "2023.05.28"]
[Round "2"]
[White "Sarian, David"]
[Black "Lanert, Theodor"]
[Result "0-1"]
[Termination "normal"]
[Board "26"]
[WhiteElo "1480"]
[BlackElo "1398"]
[WhiteClock "01:27:40"]
[BlackClock "01:29:52"]
[PlyCount "86"]
[WhiteFideId "34660275"]
[BlackFideId "34605576"]
[EventCountry "GER"]
[EventRounds "9"]
[EventType "swiss"]
[EventDate "2023.05.27"]

1. d4 {[%clk 01:30:57]} {[%emt 00:00:03]} Nf6 {[%clk 01:30:34]} {[%emt
00:00:26]} 2. c4 {[%clk 01:31:22]} {[%emt 00:00:05]} g6 {[%clk 01:30:59]}
{[%emt 00:00:05]} 3. Nc3 {[%clk 01:31:49]} {[%emt 00:00:04]} Bg7 {[%clk
01:31:24]} {[%emt 00:00:05]} 4. e4 {[%clk 01:32:14]} {[%emt 00:00:04]} d6
{[%clk 01:31:49]} {[%emt 00:00:05]} 5. Nf3 {[%clk 01:32:31]} {[%emt 00:00:13]}
O-O {[%clk 01:32:11]} {[%emt 00:00:07]} 6. Be2 {[%clk 01:32:54]} {[%emt
00:00:07]} e5 {[%clk 01:32:36]} {[%emt 00:00:05]} 7. d5 {[%clk 01:33:02]}
{[%emt 00:00:22]} a5 {[%clk 01:32:51]} {[%emt 00:00:14]} 8. Be3 {[%clk
01:33:21]} {[%emt 00:00:11]} Na6 {[%clk 01:32:59]} {[%emt 00:00:22]} 9. Nd2
{[%clk 01:33:25]} {[%emt 00:00:26]} Ne8 {[%clk 01:32:40]} {[%emt 00:00:49]} 10.
f4 {[%clk 01:32:54]} {[%emt 00:01:01]} f5 {[%clk 01:31:52]} {[%emt 00:01:18]}
11. g3 {[%clk 01:31:02]} {[%emt 00:02:22]} b6 {[%clk 01:31:31]} {[%emt
00:00:52]} 12. h4 {[%clk 01:31:08]} {[%emt 00:00:24]} exf4 {[%clk 01:30:43]}
{[%emt 00:01:17]} 13. Bxf4 {[%clk 01:31:31]} {[%emt 00:00:07]} Nc5 {[%clk
01:30:47]} {[%emt 00:00:26]} 14. b3 {[%clk 01:28:48]} {[%emt 00:03:13]} Bxc3
{[%clk 01:30:12]} {[%emt 00:01:06]} 15. Rc1 {[%clk 01:26:06]} {[%emt 00:03:11]}
Bxd2+ {[%clk 01:30:19]} {[%emt 00:00:23]} 16. Qxd2 {[%clk 01:26:21]} {[%emt
00:00:15]} Nxe4 {[%clk 01:30:25]} {[%emt 00:00:24]} 17. Qd1 {[%clk 01:26:05]}
{[%emt 00:00:47]} Qf6 {[%clk 01:29:52]} {[%emt 00:01:02]} 18. Qc2 {[%clk
01:25:43]} {[%emt 00:00:52]} Qd4 {[%clk 01:28:55]} {[%emt 00:01:28]} 19. h5
{[%clk 01:25:35]} {[%emt 00:00:38]} Qf2+ {[%clk 01:28:07]} {[%emt 00:01:18]}
20. Kd1 {[%clk 01:25:56]} {[%emt 00:00:09]} Qd4+ {[%clk 01:27:15]} {[%emt
00:01:22]} 21. Ke1 {[%clk 01:26:13]} {[%emt 00:00:13]} g5 {[%clk 01:27:27]}
{[%emt 00:00:18]} 22. Bd2 {[%clk 01:26:25]} {[%emt 00:00:17]} Nxg3 {[%clk
01:27:00]} {[%emt 00:00:58]} 23. Bc3 {[%clk 01:26:04]} {[%emt 00:00:51]} Qe4
{[%clk 01:26:58]} {[%emt 00:00:32]} 24. Qxe4 {[%clk 01:26:17]} {[%emt
00:00:17]} Nxe4 {[%clk 01:27:24]} {[%emt 00:00:04]} 25. Rg1 {[%clk 01:26:33]}
{[%emt 00:00:14]} h6 {[%clk 01:27:27]} {[%emt 00:00:27]} 26. Bb2 {[%clk
01:26:22]} {[%emt 00:00:40]} f4 {[%clk 01:27:06]} {[%emt 00:00:52]} 27. Bf3
{[%clk 01:26:14]} {[%emt 00:00:38]} Nc5 {[%clk 01:27:02]} {[%emt 00:00:34]} 28.
Kd2 {[%clk 01:26:10]} {[%emt 00:00:33]} Bf5 {[%clk 01:26:59]} {[%emt 00:00:33]}
29. Ba1 {[%clk 01:25:50]} {[%emt 00:00:50]} Nf6 {[%clk 01:26:28]} {[%emt
00:01:00]} 30. Rce1 {[%clk 01:25:27]} {[%emt 00:00:52]} Nfe4+ {[%clk 01:26:33]}
{[%emt 00:00:26]} 31. Bxe4 {[%clk 01:25:19]} {[%emt 00:00:38]} Nxe4+ {[%clk
01:26:48]} {[%emt 00:00:15]} 32. Kc1 {[%clk 01:25:44]} {[%emt 00:00:04]} Rae8
{[%clk 01:26:56]} {[%emt 00:00:22]} 33. a3 {[%clk 01:25:24]} {[%emt 00:00:51]}
Nc5 {[%clk 01:27:20]} {[%emt 00:00:06]} 34. Rxe8 {[%clk 01:25:23]} {[%emt
00:00:31]} Rxe8 {[%clk 01:27:39]} {[%emt 00:00:11]} 35. Bf6 {[%clk 01:25:46]}
{[%emt 00:00:07]} Kf7 {[%clk 01:27:50]} {[%emt 00:00:19]} 36. Bxg5 {[%clk
01:25:37]} {[%emt 00:00:39]} hxg5 {[%clk 01:28:08]} {[%emt 00:00:12]} 37. Rxg5
{[%clk 01:26:06]} {[%emt 00:00:01]} Kf6 {[%clk 01:28:10]} {[%emt 00:00:28]} 38.
Rg2 {[%clk 01:26:28]} {[%emt 00:00:05]} f3 {[%clk 01:28:33]} {[%emt 00:00:10]}
39. Rh2 {[%clk 01:26:19]} {[%emt 00:00:38]} f2 {[%clk 01:28:53]} {[%emt
00:00:11]} 40. h6 {[%clk 01:26:38]} {[%emt 00:00:10]} f1=Q+ {[%clk 01:29:15]}
{[%emt 00:00:08]} 41. Kb2 {[%clk 01:27:03]} {[%emt 00:00:05]} Re2+ {[%clk
01:29:35]} {[%emt 00:00:10]} 42. Kc3 {[%clk 01:27:19]} {[%emt 00:00:14]} Qf3+
{[%clk 01:29:57]} {[%emt 00:00:08]} 43. Kd4 {[%clk 01:27:40]} {[%emt 00:00:09]}
Qd3# {[%clk 01:29:52]} {[%emt 00:00:05]} 0-1

[Event "DEM U12 2023"]
[Site "Willingen GER"]
[Date "2023.05.28"]
[Round "2"]
[White "Berndt, Ronson"]
[Black "Völpel, Alexander"]
[Result "1-0"]
[Termination "normal"]
[Board "27"]
[WhiteElo "1475"]
[BlackElo "1373"]
[WhiteClock "00:34:15"]
[BlackClock "00:37:50"]
[PlyCount "63"]
[WhiteFideId "34618694"]
[BlackFideId "34603131"]
[EventCountry "GER"]
[EventRounds "9"]
[EventType "swiss"]
[EventDate "2023.05.27"]

1. e4 {[%clk 01:30:57]} {[%emt 00:00:03]} e5 {[%clk 01:30:56]} {[%emt
00:00:04]} 2. Nf3 {[%clk 01:31:21]} {[%emt 00:00:05]} Nc6 {[%clk 01:31:22]}
{[%emt 00:00:05]} 3. Nc3 {[%clk 01:31:45]} {[%emt 00:00:06]} Nf6 {[%clk
01:31:44]} {[%emt 00:00:08]} 4. Bb5 {[%clk 01:32:08]} {[%emt 00:00:06]} d6
{[%clk 01:31:35]} {[%emt 00:00:40]} 5. d4 {[%clk 01:32:23]} {[%emt 00:00:15]}
exd4 {[%clk 01:31:49]} {[%emt 00:00:16]} 6. Nxd4 {[%clk 01:32:45]} {[%emt
00:00:08]} Bd7 {[%clk 01:32:02]} {[%emt 00:00:16]} 7. Nxc6 {[%clk 01:32:46]}
{[%emt 00:00:29]} Bxc6 {[%clk 01:32:12]} {[%emt 00:00:20]} 8. Bxc6+ {[%clk
01:32:20]} {[%emt 00:00:56]} bxc6 {[%clk 01:32:35]} {[%emt 00:00:07]} 9. O-O
{[%clk 01:32:04]} {[%emt 00:00:45]} Be7 {[%clk 01:32:43]} {[%emt 00:00:22]} 10.
Bf4 {[%clk 01:31:49]} {[%emt 00:00:45]} O-O {[%clk 01:32:18]} {[%emt 00:00:55]}
11. Qd3 {[%clk 01:31:44]} {[%emt 00:00:34]} Nd7 {[%clk 01:31:45]} {[%emt
00:01:04]} 12. Qc4 {[%clk 01:27:57]} {[%emt 00:04:17]} c5 {[%clk 01:30:48]}
{[%emt 00:01:28]} 13. Nd5 {[%clk 01:22:17]} {[%emt 00:06:09]} Nb6 {[%clk
01:24:05]} {[%emt 00:07:13]} 14. Nxe7+ {[%clk 01:20:58]} {[%emt 00:01:48]} Qxe7
{[%clk 01:23:23]} {[%emt 00:01:12]} 15. Qd3 {[%clk 01:20:41]} {[%emt 00:00:47]}
Qf6 {[%clk 01:22:44]} {[%emt 00:01:10]} 16. Bc1 {[%clk 01:19:08]} {[%emt
00:02:03]} Rfe8 {[%clk 01:21:00]} {[%emt 00:02:15]} 17. c3 {[%clk 01:17:16]}
{[%emt 00:02:22]} c6 {[%clk 01:14:28]} {[%emt 00:07:02]} 18. f4 {[%clk
01:15:28]} {[%emt 00:02:17]} Rad8 {[%clk 01:00:55]} {[%emt 00:14:03]} 19. Bd2
{[%clk 01:11:24]} {[%emt 00:04:34]} Qe6 {[%clk 01:00:43]} {[%emt 00:00:41]} 20.
Rfe1 {[%clk 01:05:40]} {[%emt 00:06:14]} Qc4 {[%clk 00:50:33]} {[%emt
00:10:41]} 21. Qf3 {[%clk 01:00:00]} {[%emt 00:06:10]} Qe6 {[%clk 00:40:51]}
{[%emt 00:10:12]} 22. b3 {[%clk 00:58:31]} {[%emt 00:01:59]} Nd7 {[%clk
00:40:21]} {[%emt 00:01:00]} 23. Re3 {[%clk 00:55:14]} {[%emt 00:03:46]} Nf6
{[%clk 00:39:50]} {[%emt 00:01:01]} 24. Rae1 {[%clk 00:50:42]} {[%emt
00:05:02]} Ng4 {[%clk 00:39:44]} {[%emt 00:00:36]} 25. R3e2 {[%clk 00:50:31]}
{[%emt 00:00:42]} Qc8 {[%clk 00:38:57]} {[%emt 00:01:16]} 26. h3 {[%clk
00:49:05]} {[%emt 00:01:55]} Nf6 {[%clk 00:39:08]} {[%emt 00:00:20]} 27. c4
{[%clk 00:49:18]} {[%emt 00:00:18]} Qc7 {[%clk 00:38:32]} {[%emt 00:01:06]} 28.
Bc3 {[%clk 00:48:14]} {[%emt 00:01:33]} Nd7 {[%clk 00:38:45]} {[%emt 00:00:17]}
29. e5 {[%clk 00:39:26]} {[%emt 00:09:18]} dxe5 {[%clk 00:39:06]} {[%emt
00:00:09]} 30. fxe5 {[%clk 00:39:19]} {[%emt 00:00:36]} Nf8 {[%clk 00:38:53]}
{[%emt 00:00:44]} 31. Qg4 {[%clk 00:35:21]} {[%emt 00:04:29]} Qc8 {[%clk
00:37:50]} {[%emt 00:01:33]} 32. e6 {[%clk 00:34:15]} {[%emt 00:01:36]} 1-0

[Event "DEM U12 2023"]
[Site "Willingen GER"]
[Date "2023.05.28"]
[Round "2"]
[White "Schröder, Hannes Artur"]
[Black "Wang, Kaiwen"]
[Result "0-1"]
[Termination "normal"]
[Board "28"]
[WhiteElo "1343"]
[BlackElo "1333"]
[WhiteClock "00:30:44"]
[BlackClock "01:20:12"]
[PlyCount "86"]
[WhiteFideId "34608818"]
[BlackFideId "16279514"]
[EventCountry "GER"]
[EventRounds "9"]
[EventType "swiss"]
[EventDate "2023.05.27"]

1. e4 {[%clk 01:30:58]} {[%emt 00:00:02]} e5 {[%clk 01:30:57]} {[%emt
00:00:04]} 2. Nf3 {[%clk 01:31:15]} {[%emt 00:00:13]} Nc6 {[%clk 01:31:14]}
{[%emt 00:00:13]} 3. Bc4 {[%clk 01:31:37]} {[%emt 00:00:08]} Bc5 {[%clk
01:31:39]} {[%emt 00:00:05]} 4. O-O {[%clk 01:31:56]} {[%emt 00:00:11]} Nf6
{[%clk 01:31:56]} {[%emt 00:00:13]} 5. Nc3 {[%clk 01:31:41]} {[%emt 00:00:44]}
d6 {[%clk 01:32:09]} {[%emt 00:00:18]} 6. h3 {[%clk 01:31:48]} {[%emt
00:00:22]} h6 {[%clk 01:32:28]} {[%emt 00:00:11]} 7. d3 {[%clk 01:31:42]}
{[%emt 00:00:36]} Na5 {[%clk 01:32:52]} {[%emt 00:00:06]} 8. Bb3 {[%clk
01:32:01]} {[%emt 00:00:11]} Nxb3 {[%clk 01:33:15]} {[%emt 00:00:07]} 9. axb3
{[%clk 01:32:17]} {[%emt 00:00:14]} a6 {[%clk 01:33:41]} {[%emt 00:00:04]} 10.
Bd2 {[%clk 01:29:56]} {[%emt 00:02:50]} O-O {[%clk 01:33:18]} {[%emt 00:00:53]}
11. Ne2 {[%clk 01:27:55]} {[%emt 00:02:31]} Nh5 {[%clk 01:32:45]} {[%emt
00:01:04]} 12. Qc1 {[%clk 01:25:25]} {[%emt 00:02:58]} Qf6 {[%clk 01:32:56]}
{[%emt 00:00:20]} 13. Kh2 {[%clk 01:21:34]} {[%emt 00:04:22]} Qe6 {[%clk
01:31:10]} {[%emt 00:02:14]} 14. Ng3 {[%clk 01:10:57]} {[%emt 00:11:08]} Qg6
{[%clk 01:28:00]} {[%emt 00:03:40]} 15. Qd1 {[%clk 01:06:26]} {[%emt 00:05:02]}
Nxg3 {[%clk 01:25:34]} {[%emt 00:02:55]} 16. fxg3 {[%clk 01:06:27]} {[%emt
00:00:29]} Qe6 {[%clk 01:24:48]} {[%emt 00:01:14]} 17. b4 {[%clk 01:03:19]}
{[%emt 00:03:39]} Ba7 {[%clk 01:24:40]} {[%emt 00:00:37]} 18. Qe2 {[%clk
00:59:08]} {[%emt 00:04:42]} Bd7 {[%clk 01:23:26]} {[%emt 00:01:43]} 19. Be3
{[%clk 00:55:31]} {[%emt 00:04:08]} Bxe3 {[%clk 01:23:33]} {[%emt 00:00:24]}
20. Qxe3 {[%clk 00:55:47]} {[%emt 00:00:12]} f5 {[%clk 01:22:19]} {[%emt
00:01:45]} 21. exf5 {[%clk 00:49:28]} {[%emt 00:06:49]} Rxf5 {[%clk 01:20:38]}
{[%emt 00:02:11]} 22. b3 {[%clk 00:38:55]} {[%emt 00:11:04]} Raf8 {[%clk
01:19:43]} {[%emt 00:01:24]} 23. Rfe1 {[%emt 00:02:07]} Rxf3 {[%clk 01:18:48]}
{[%emt 00:01:08]} 24. Qe4 {[%clk 00:28:52]} {[%emt 00:09:13]} Bc6 {[%clk
01:17:48]} {[%emt 00:01:30]} 25. Qh4 {[%clk 00:29:01]} {[%emt 00:00:21]} Rf2
{[%clk 01:17:56]} {[%emt 00:00:22]} 26. Rg1 {[%clk 00:28:53]} {[%emt 00:00:37]}
Qd5 {[%clk 01:17:37]} {[%emt 00:00:48]} 27. Qc4 {[%clk 00:28:47]} {[%emt
00:00:36]} Qxc4 {[%clk 01:17:54]} {[%emt 00:00:14]} 28. bxc4 {[%clk 00:28:46]}
{[%emt 00:00:31]} Rxc2 {[%clk 01:18:16]} {[%emt 00:00:09]} 29. h4 {[%clk
00:28:17]} {[%emt 00:00:56]} Rff2 {[%clk 01:18:21]} {[%emt 00:00:27]} 30. Raf1
{[%clk 00:27:47]} {[%emt 00:00:58]} Rxf1 {[%clk 01:18:06]} {[%emt 00:00:47]}
31. Rxf1 {[%clk 00:28:01]} {[%emt 00:00:16]} Bxg2 {[%clk 01:18:25]} {[%emt
00:00:11]} 32. Rg1 {[%clk 00:28:06]} {[%emt 00:00:24]} Bf1+ {[%clk 01:18:35]}
{[%emt 00:00:21]} 33. Kh1 {[%clk 00:28:19]} {[%emt 00:00:17]} Bxd3 {[%clk
01:18:57]} {[%emt 00:00:08]} 34. g4 {[%clk 00:28:32]} {[%emt 00:00:14]} Be4+
{[%clk 01:19:25]} {[%emt 00:00:05]} 35. Rg2 {[%clk 00:28:48]} {[%emt 00:00:13]}
Rxg2 {[%clk 01:19:30]} {[%emt 00:00:25]} 36. c5 {[%clk 00:29:05]} {[%emt
00:00:13]} d5 {[%clk 01:19:41]} {[%emt 00:00:20]} 37. b5 {[%clk 00:29:17]}
{[%emt 00:00:18]} d4 {[%clk 01:19:57]} {[%emt 00:00:14]} 38. c6 {[%clk
00:29:31]} {[%emt 00:00:15]} bxc6 {[%clk 01:19:33]} {[%emt 00:00:55]} 39. b6
{[%clk 00:29:36]} {[%emt 00:00:25]} cxb6 {[%clk 01:19:54]} {[%emt 00:00:10]}
40. g5 {[%clk 00:29:46]} {[%emt 00:00:19]} d3 {[%clk 01:19:55]} {[%emt
00:00:29]} 41. gxh6 {[%clk 00:30:00]} {[%emt 00:00:16]} d2 {[%clk 01:20:13]}
{[%emt 00:00:13]} 42. h7+ {[%clk 00:30:20]} {[%emt 00:00:10]} Kxh7 {[%clk
01:20:34]} {[%emt 00:00:08]} 43. h5 {[%clk 00:30:44]} {[%emt 00:00:05]} d1=Q#
{[%clk 01:20:12]} {[%emt 00:00:28]} 0-1

[Event "DEM U12 2023"]
[Site "Willingen GER"]
[Date "2023.05.28"]
[Round "2"]
[White "Madel, Luca"]
[Black "Geschke, David"]
[Result "1-0"]
[Termination "normal"]
[Board "29"]
[WhiteElo "1151"]
[BlackElo "1458"]
[WhiteClock "00:21:17"]
[BlackClock "00:43:38"]
[PlyCount "79"]
[WhiteFideId "16296516"]
[BlackFideId "34619658"]
[EventCountry "GER"]
[EventRounds "9"]
[EventType "swiss"]
[EventDate "2023.05.27"]

1. d4 {[%clk 01:30:56]} {[%emt 00:00:02]} d5 {[%clk 01:30:52]} {[%emt
00:00:09]} 2. Bf4 {[%clk 01:31:20]} {[%emt 00:00:06]} Nf6 {[%clk 01:30:42]}
{[%emt 00:00:40]} 3. Nf3 {[%clk 01:31:37]} {[%emt 00:00:13]} c5 {[%clk
01:30:34]} {[%emt 00:00:38]} 4. e3 {[%clk 01:31:26]} {[%emt 00:00:42]} Nc6
{[%clk 01:30:25]} {[%emt 00:00:40]} 5. c3 {[%clk 01:31:17]} {[%emt 00:00:38]}
Qb6 {[%clk 01:29:56]} {[%emt 00:00:57]} 6. Qc2 {[%clk 01:31:25]} {[%emt
00:00:24]} Bf5 {[%clk 01:30:10]} {[%emt 00:00:16]} 7. dxc5 {[%clk 01:28:53]}
{[%emt 00:03:03]} Bxc2 {[%clk 01:29:23]} {[%emt 00:01:17]} 8. cxb6 {[%clk
01:29:09]} {[%emt 00:00:14]} axb6 {[%clk 01:29:10]} {[%emt 00:00:43]} 9. Nbd2
{[%clk 01:29:15]} {[%emt 00:00:24]} Rc8 {[%clk 01:28:44]} {[%emt 00:00:54]} 10.
Bb5 {[%clk 01:28:57]} {[%emt 00:00:49]} e6 {[%clk 01:28:09]} {[%emt 00:01:03]}
11. O-O {[%clk 01:28:40]} {[%emt 00:00:49]} Be7 {[%clk 01:28:25]} {[%emt
00:00:14]} 12. Rac1 {[%clk 01:26:31]} {[%emt 00:02:37]} Bg6 {[%clk 01:27:37]}
{[%emt 00:01:19]} 13. Nh4 {[%clk 01:23:46]} {[%emt 00:03:14]} Bh5 {[%clk
01:26:22]} {[%emt 00:01:46]} 14. Nhf3 {[%clk 01:13:03]} {[%emt 00:11:13]} O-O
{[%clk 01:25:35]} {[%emt 00:01:17]} 15. Bd3 {[%clk 01:11:21]} {[%emt 00:02:12]}
Nd7 {[%clk 01:24:24]} {[%emt 00:01:41]} 16. e4 {[%clk 01:06:11]} {[%emt
00:05:41]} Nc5 {[%clk 01:19:44]} {[%emt 00:05:10]} 17. Bc2 {[%clk 01:05:14]}
{[%emt 00:01:27]} dxe4 {[%clk 01:17:24]} {[%emt 00:02:51]} 18. Nxe4 {[%clk
01:04:21]} {[%emt 00:01:23]} Bxf3 {[%clk 01:14:39]} {[%emt 00:03:14]} 19. gxf3
{[%clk 01:04:39]} {[%emt 00:00:12]} Rfd8 {[%clk 01:13:29]} {[%emt 00:01:41]}
20. Rfd1 {[%clk 01:00:48]} {[%emt 00:04:21]} e5 {[%clk 01:11:03]} {[%emt
00:02:54]} 21. Be3 {[%clk 00:54:33]} {[%emt 00:06:46]} g6 {[%clk 01:10:39]}
{[%emt 00:00:55]} 22. b4 {[%clk 00:51:44]} {[%emt 00:03:20]} Nd7 {[%clk
01:08:21]} {[%emt 00:02:45]} 23. Bb3 {[%clk 00:40:01]} {[%emt 00:12:16]} Kg7
{[%clk 01:04:17]} {[%emt 00:04:33]} 24. Nd6 {[%clk 00:37:44]} {[%emt 00:02:48]}
Bxd6 {[%clk 01:03:56]} {[%emt 00:00:51]} 25. Rxd6 {[%clk 00:37:33]} {[%emt
00:00:41]} Nf6 {[%clk 00:54:20]} {[%emt 00:10:06]} 26. Rxd8 {[%clk 00:36:03]}
{[%emt 00:01:59]} Rxd8 {[%clk 00:51:39]} {[%emt 00:03:11]} 27. Bxb6 {[%clk
00:35:06]} {[%emt 00:01:27]} Rd3 {[%clk 00:51:22]} {[%emt 00:00:47]} 28. Be3
{[%clk 00:33:07]} {[%emt 00:02:27]} e4 {[%clk 00:49:02]} {[%emt 00:02:53]} 29.
fxe4 {[%emt 00:06:21]} h5 {[%clk 00:45:30]} {[%emt 00:01:32]} 30. Bc4 {[%clk
00:26:06]} {[%emt 00:04:09]} Rd7 {[%clk 00:44:04]} {[%emt 00:01:56]} 31. f3
{[%clk 00:25:32]} {[%emt 00:01:04]} Rc7 {[%clk 00:43:51]} {[%emt 00:00:43]} 32.
Be2 {[%clk 00:23:51]} {[%emt 00:02:11]} Rd7 {[%clk 00:42:44]} {[%emt 00:01:38]}
33. Rd1 {[%clk 00:23:39]} {[%emt 00:00:42]} Rc7 {[%clk 00:42:48]} {[%emt
00:00:27]} 34. Bf4 {[%clk 00:22:34]} {[%emt 00:01:32]} Rc8 {[%clk 00:43:00]}
{[%emt 00:00:20]} 35. e5 {[%clk 00:22:10]} {[%emt 00:00:55]} Ne8 {[%clk
00:43:17]} {[%emt 00:00:13]} 36. Rd7 {[%clk 00:21:17]} {[%emt 00:01:19]} Rc7
{[%clk 00:43:23]} {[%emt 00:00:28]} 37. e6 {[%clk 00:21:00]} {[%emt 00:00:47]}
Rxd7 {[%clk 00:43:28]} {[%emt 00:00:26]} 38. exd7 {[%clk 00:21:16]} {[%emt
00:00:13]} Nf6 {[%clk 00:43:35]} {[%emt 00:00:23]} 39. Be5 {[%clk 00:21:14]}
{[%emt 00:00:32]} Nd8 {[%clk 00:43:38]} {[%emt 00:00:28]} 40. Bc7 {[%clk
00:21:17]} {[%emt 00:00:27]} 1-0